Romeo and Juliet Prologue Quiz Stats

Quiz Updated Feb 18, 2015

Challenge
Share
Tweet
Embed
Score 0/106 Timer 08:00
1 Play Today
% Correct
A
92.7%
in
90.5%
(In
90.5%
Two
89.5%
two
89.5%
two
89.4%
the
87.7%
The
87.7%
the
87.7%
the
87.7%
The
87.7%
Verona
85.5%
we
84.8%
where
83.9%
Where
83.9%
Fair
82.7%
our
81.5%
our
81.5%
our
81.5%
lovers
81.1%
of
78.9%
of
78.9%
of
78.9%
of
78.9%
of
78.9%
star-crossed
76.3%
scene),
75.4%
alike
75.3%
love
75.2%
both
74.9%
lay
74.1%
to
74%
to
74%
dignity
73.2%
their
70.4%
their
70.4%
% Correct
their
70.4%
their
70.4%
their
70.4%
their
70.4%
households,
68.1%
pair
66.7%
From
66.1%
From
66.1%
blood
64.9%
hands
64.4%
take
64.2%
life;
63.9%
civil
63.7%
civil
63.7%
And
63.5%
unclean.
63.1%
makes
62.3%
new
59.6%
ancient
59.4%
mutiny,
58.5%
these
57.8%
grudge
57.3%
death
56%
break
55.8%
loins
55%
Do
54.5%
forth
53%
foes
52.8%
fatal
52.8%
parents'
52.1%
parents'
52.1%
with
51.2%
with
51.2%
Is
50.7%
strife.
50.1%
you
47.6%
% Correct
stage;
44.4%
hours'
43.8%
bury
42.9%
Whose
42.4%
piteous
41.7%
end,
41.2%
if
40.8%
traffic
40.7%
overthrows
40.5%
but
40.5%
misadventured
38.8%
now
38.2%
shall
38.1%
shall
38.1%
What
38%
Which,
37.7%
which,
37.7%
could
37.3%
rage,
36.6%
mend.
35.9%
ears
34.5%
death-marked
34.5%
strive
34.1%
here
33.3%
passage
33.1%
patient
32.7%
children's
32.5%
naught
32.1%
toil
32.1%
attend,
31.9%
continuance
31.7%
fearful
31.6%
remove,
31%
miss,
29.1%

You're not logged in!

Compare scores with friends on all Sporcle quizzes.
Join for Free
OR
Log In

You Might Also Like...

Show Comments

Extras

Top Quizzes Today


Score Distribution

Your Account Isn't Verified!

In order to create a playlist on Sporcle, you need to verify the email address you used during registration. Go to your Sporcle Settings to finish the process.

Report this User

Report this user for behavior that violates our Community Guidelines.

Details: